MARC

LEADER 00000nam0a2200000 4500
001 148762
005 20231031145556.0
020 |a RU  |b 83-89548 
035 |a (RuTPU)RU\TPU\book\161293 
090 |a 148762 
100 |a 20081208d1983 m y0rusy5003 ca 
101 0 |a rus 
102 |a RU 
105 |a c z 000ay 
200 1 |a Избранное  |f В. М. Санги  |g авт. предисл. И. Смольников 
210 |a Ленинград  |c Художественная литература  |c Ленингр. отд-ние  |d 1983 
215 |a 511 с.  |c 1 л. портр. 
610 1 |a советская литература 
610 1 |a народы Севера 
610 1 |a нивхи 
610 1 |a романы 
610 1 |a повести 
610 1 |a легенды 
610 1 |a сказки 
675 |a 894.7  |v 3 
700 1 |a Санги  |b В. М.  |g Владимир Михайлович 
702 1 |a Смольников  |b И.  |4 080 
801 0 |a RU  |b RuMRKP  |c 19950704  |g psbo 
801 1 |a RU  |b 63413507  |c 20081208  |g PSBO 
801 2 |a RU  |b 63413507  |c 20200915  |g PSBO 
942 |c BK